Entry Corporate Name
Number of records used in: 1
001 - CONTROL NUMBER
003 - CONTROL NUMBER IDENTIFIER
005 - DATE AND TIME OF LATEST TRANSACTION
- control field:
20200603160828.0
008 - FIXED-LENGTH DATA ELEMENTS
- fixed length control field:
200603|| aca||aabn | a|a d
040 ## - CATALOGING SOURCE
- Original cataloging agency:
OSt
- Transcribing agency:
OSt
110 ## - HEADING--CORPORATE NAME
- Corporate name or jurisdiction name as entry element:
The All Iindia reporter
670 ## - SOURCE DATA FOUND
- Source citation:
Work cat.: (OSt)6785: The All Iindia reporter , The All Iindia reporter 1987(V-74)SUPRIM COURT Section, 1987